[Event "Cracovia Chess Festival A 2021"]
[Site "Cracow"]
[Date "2022.01.02"]
[Round "6.18"]
[White "Vardanyan, Aras"]
[Black "Malek, Daniel"]
[Result "1-0"]
[WhiteElo "2222"]
[BlackElo "2376"]
[Annotator "TA"]
[PlyCount "53"]
[EventDate "2021.12.27"]
[EventCountry "POL"]
[SourceTitle "playchess.com"]
[Source "ChessBase"]
[SourceQuality "1"]

{[%evp 9,53,26,26,19,30,14,29,22,28,0,0,0,0,-1,39,35,118,114,390,389,389,383,393,296,310,295,292,303,335,329,391,390,358,362,350,336,576,490,623,604,1052,1048,1015,999,29997,29998]} 1. c4 e5 2. Nc3 Bb4 3. Nd5 a5 4. Nf3 d6 5. a3 Bc5 6. e3 {A21: English Opening: 1...e5 2 Nc3.} c6 7. Nc3 {[%cal Bd5c3,Bc3e4,Be4g3,Bg3h5][%mdl 32]} (7. d4 $5 {[%cal Rd4c5]}) 7... Ba7 8. d4 {White has an edge.} Nd7 9. Ne4 Bb8 {[#]} 10. dxe5 $146 ({Predecessor:} 10. d5 Ngf6 11. dxc6 Nxe4 12. cxd7+ Bxd7 13. b3 Bc6 14. Bb2 Qb6 15. Qc2 Nc5 16. Nd2 {0-1 (55) Nepomniachtchi,I (2751)-Anand,V (2776) Moscow 2018}) 10... Nxe5 11. Bd2 Bf5 12. Ng3 Be6 {[#]} (12... Bd7 $14) 13. Nh5 $1 $16 Kf8 {[%mdl 8192] This costs Black the game.} (13... Bg4 $16 14. Nxg7+ Kf8) 14. Nxe5 $18 g6 {[#]} 15. Bc3 $1 gxh5 16. Nd3 f6 17. Nf4 ({Not} 17. Qxh5 Bxc4 18. Ne5 dxe5 $18) 17... Bf7 18. Nxh5 Bxh5 19. Qxh5 Bc7 20. O-O-O Qe8 21. Qh4 Qe6 22. g4 {Threatens to win with g5.} Re8 $2 (22... h6 {was worth a try.} 23. Bd3 a4) 23. Bd3 Bd8 24. Rhg1 Be7 25. g5 fxg5 26. Rxg5 h6 27. Bg7+ {Weighted Error Value: White=0.11 (very precise) /Black=0.93} 1-0

[Event "Cracovia Chess Festival A 2021"]
[Site "Cracow"]
[Date "2022.01.02"]
[Round "6.19"]
[White "Mika, Tomasz"]
[Black "Karolczuk, Iwo"]
[Result "1/2-1/2"]
[WhiteElo "2183"]
[BlackElo "2357"]
[Annotator "TA"]
[PlyCount "106"]
[EventDate "2021.12.27"]
[EventCountry "POL"]
[SourceTitle "playchess.com"]
[Source "ChessBase"]
[SourceQuality "1"]

{[%evp 12,106,73,73,76,72,79,61,62,70,99,88,100,46,41,41,43,46,47,46,42,45,41,39,76,6,39,42,43,43,83,74,148,155,148,64,54,66,56,66,82,66,57,65,79,20,20,0,0,0,0,0,0,0,0,0,0,0,37,37,77,75,59,60,146,20,20,0,0,0,4,8,8,8,8,8,8,0,0,0,0,0,0,0,0,0,0,0,0,-8,-8,-8,-8,-8,0,0,0]} 1. c4 Nf6 2. Nc3 e5 3. Nf3 Nc6 4. e4 Bc5 5. Nxe5 Nxe5 6. d4 Bxd4 7. Qxd4 Nc6 {A28: English Opening: Four Knights Variation.} 8. Qe3 {White is more active.} O-O {[#]} 9. Be2 $146 ({Predecessor:} 9. Bd3 Ng4 10. Qg3 Nge5 11. Be2 d6 12. Be3 Nb4 13. O-O-O Be6 14. b3 Qe7 15. f4 {1-0 (88) Wiwatanadate,P (2005)-Pitantanakij,O (1576) Bangkok 2021}) 9... Re8 {[%cal Of6e4] White is slightly better.} 10. f3 Nb4 {[#] ...Nc2+ is the strong threat.} 11. Qd2 {Prevents Nc2+.} c6 12. b3 (12. a3 $16 Na6 13. O-O) 12... d5 $14 {[%cal Rd5e4]} 13. a3 Na6 {[%cal Bb4a6,Ba6c5,Bc5b3][%mdl 32]} 14. cxd5 cxd5 15. Nxd5 Nxd5 16. Qxd5 Qxd5 17. exd5 Nc5 18. b4 (18. Kf2 $16) 18... Nb3 (18... Nd3+ $5 19. Kf1 Bf5 $11) 19. Rb1 Nd4 20. Rb2 Rd8 21. Bc4 b5 {[#]} (21... Bd7 $142 22. Kf2 Rac8) 22. Ba2 $1 $16 Bb7 23. Kf2 (23. Bg5 $16 Rd7 24. Kf2 (24. Rd2 Nf5 $16)) 23... Bxd5 $14 24. Bxd5 Rxd5 25. Rd1 Rdd8 26. Be3 Ne6 27. Rxd8+ Rxd8 28. Bxa7 {[%mdl 4096] Endgame KRB-KRN} (28. Rc2 $16) 28... Ra8 $11 29. Be3 Rxa3 30. Rc2 {Hoping for Rc8+.} f5 31. g3 Rb3 32. Bd2 g5 33. Bc3 Kf7 34. Ke2 Rb1 35. Ra2 Ke7 36. Ra7+ Kd6 37. Rxh7 Rg1 ({Black should play} 37... Nc7 $14) 38. Rh6 (38. Rf7 $16) 38... Kd5 $1 {The position is equal.} 39. Rf6 f4 $1 40. g4 Rg2+ 41. Kd3 {aiming for Rf5+.} Rf2 $1 42. Rf5+ Kc6 43. Re5 Rxf3+ 44. Ke4 Re3+ 45. Kf5 Kd6 {Threatens to win with ...Ng7+.} 46. Rxe3 fxe3 {KB-KN} 47. Ke4 Nf4 48. h4 {Black must now prevent h5.} Nd5 49. Be5+ Ke6 50. hxg5 Nxb4 (50... e2 $5 51. Bg3 Nxb4 $11) 51. Bc3 Nd5 52. Be1 e2 53. Kf3 Ke5 {Weighted Error Value: White=0.19 (very precise) /Black=0.10 (very precise)} 1/2-1/2

[Event "Cracovia Chess Festival A 2021"]
[Site "Cracow"]
[Date "2022.01.02"]
[Round "6.20"]
[White "Suder, Jakub"]
[Black "Tsaknakis, Zisis"]
[Result "1/2-1/2"]
[WhiteElo "2349"]
[BlackElo "2202"]
[Annotator "TA"]
[PlyCount "90"]
[EventDate "2021.12.27"]
[EventCountry "POL"]
[SourceTitle "playchess.com"]
[Source "ChessBase"]
[SourceQuality "1"]

{[%evp 23,90,31,26,19,39,16,19,0,13,-14,-14,-15,-13,-25,-25,-39,-26,-53,-40,-39,-4,-4,0,0,-1,-30,-19,-23,-23,-20,-27,-29,-18,-17,0,-45,-43,-60,-14,-18,0,0,0,0,0,0,0,0,0,0,0,0,0,0,0,0,0,0,0,0,0,0,0,0,0,0,0,0,0]} 1. d4 d5 2. c4 c6 3. Nf3 Nf6 4. Nc3 dxc4 5. a4 Bf5 6. e3 e6 7. Bxc4 Bb4 8. O-O O-O 9. Qe2 Bg6 10. Ne5 Nbd7 11. Nxg6 hxg6 12. Rd1 Qc7 $1 {[%mdl 4] now scores much better than the old 12...Qa5.} 13. Bd2 {D19: Slav Defence: 5 a4 Bf5 6 e3: Main line with 9 Qe2.} e5 {[#]} 14. Be1 $146 ({Predecessor:} 14. dxe5 Nxe5 15. Bb3 a5 16. Be1 Rad8 17. h3 Rfe8 18. Rac1 {½-½ (18) Desoye,G (1777)-Strangmueller,A (1968) Bayerisch Eisenstein 2019}) 14... a5 15. Rac1 Rad8 16. f3 exd4 $1 17. exd4 Nb6 18. Ba2 Rfe8 19. Qc2 Nbd5 {Threatens to win with ...Ne3.} 20. Bf2 Qf4 21. Qd3 Bd6 22. g3 Qg5 23. Bxd5 Nxd5 24. Re1 (24. h4 $5 {[%cal Rh4g5]} Qf5 25. Qxf5 gxf5 26. Nxd5 cxd5 27. Re1 $11) 24... Nf4 25. Qf1 Rxe1 26. Rxe1 {[#] Strongly threatening Ne4.} Ne6 27. Rd1 Bb4 28. Qe2 Qf5 29. Qe4 (29. d5 $1 $11 {deserves consideration.} Ng5 30. dxc6 Rxd1+ 31. Qxd1 bxc6 32. Kg2 (32. Qd8+ Bf8 $17)) 29... Qxe4 $15 30. Nxe4 Be7 (30... g5 $15) 31. Kf1 {The position is equal.} f5 32. Nc3 Bf6 {[%cal Rf6d4]} 33. d5 Bxc3 34. bxc3 Rxd5 35. Rxd5 cxd5 $11 {[%mdl 4096] Endgame KB-KN} 36. Bb6 Kf7 37. Ke2 Ke8 38. Ke3 Kd7 39. Bxa5 Nc5 40. Bb4 Nxa4 41. Kd4 Ke6 42. Bf8 Kf7 43. Bb4 Ke6 44. Bf8 Kf7 45. Bb4 Ke6 {Weighted Error Value: White=0.07 (flawless) /Black=0.06 (flawless)} 1/2-1/2

[Event "Cracovia Chess Festival A 2021"]
[Site "Cracow"]
[Date "2022.01.02"]
[Round "6.21"]
[White "Jaskolka, Tomasz"]
[Black "Kokoszczynski, Jan"]
[Result "0-1"]
[WhiteElo "2193"]
[BlackElo "2273"]
[Annotator "TA"]
[PlyCount "96"]
[EventDate "2021.12.27"]
[EventCountry "POL"]
[SourceTitle "playchess.com"]
[Source "ChessBase"]
[SourceQuality "1"]

{[%evp 12,96,53,62,79,78,70,54,89,85,80,44,56,49,49,59,59,56,42,37,47,24,35,-74,64,-47,52,16,19,15,8,20,23,0,0,-17,-29,-56,-50,-41,-51,-183,-166,-177,-170,-197,-195,-178,-131,-118,-116,-143,-120,-190,0,-212,-188,-197,-195,-225,-229,-217,-222,-394,-389,-351,-293,-406,-393,-29981,-29982,-29982,-29983,-29989,-29990,-29990,-29991,-29991,-29992,-29992,-1177,-1052,-1063,-958,-672,-974,-639]} 1. e4 e5 2. Nf3 Nc6 3. Bb5 Nf6 4. O-O Bc5 5. Nxe5 Nxe5 6. d4 a6 7. Be2 $1 Bxd4 {C65: Ruy Lopez: Berlin Defence (3...Nf6), unusual lines and 4 0-0 Bc5.} 8. Qxd4 d6 {The main line 8...d6 scores better than 8...Nc6.} 9. Bg5 c5 {White is slightly better.} 10. Qe3 h6 11. Bh4 Nfg4 12. Bxg4 Qxh4 13. Bxc8 Rxc8 14. Nc3 O-O {[#]} 15. h3 $146 ({Predecessor:} 15. Rad1 Rfe8 16. f3 Nc4 17. Qe2 Nxb2 18. Rb1 Qf6 19. Nd5 Qd4+ 20. Qf2 Nc4 21. Rxb7 {1-0 (60) Volovik,V-Risdon,A (1878) ICCF email 2011}) 15... Rfe8 16. f4 Nc6 17. Nd5 (17. Rad1 $14 {stays ahead.}) 17... Re6 (17... Nb4 $17 {Threatens to win with ...Nxd5.} 18. Rad1 Nxc2) 18. Qd3 (18. Qf3 $1 $14) 18... b5 (18... Nb4 $15 19. Nxb4 cxb4) 19. c3 Ne7 20. Ne3 c4 21. Qd4 Re8 22. Ng4 {aiming for f5.} Nc8 23. e5 dxe5 24. fxe5 {[%cal Og4f6] Nf6+! is the strong threat.} Qg5 {Inhibits Nf6+.} 25. h4 Qg6 26. h5 (26. Rae1 $1 $15) 26... Qxh5 $19 27. Rf4 Ne7 28. Raf1 {[%cal Oa2a4]} Nc6 29. Qd7 Nxe5 ({Black should try} 29... R8e7 $19 30. Qd1 Kh8) 30. Nxe5 $17 Rxe5 31. Rxf7 Qg6 32. a4 (32. b3 $17 {might work better.}) 32... Kh7 $2 ({Worse is} 32... Re2 33. Qd5 R8e6 34. axb5 axb5 35. R7f2 $17) (32... bxa4 $19 {And now ...Re2 would win.} 33. R7f2 Rb5) 33. R7f6 $2 (33. Rxg7+ $1 $11 {and White has nothing to worry.} Qxg7 34. Rf7 Re1+ 35. Kh2) 33... Qg3 34. R6f3 Qg5 35. axb5 axb5 36. Rf5 {[#]} Qe3+ $40 {[%mdl 128] Black wants a kill.} 37. Kh1 $2 (37. Kh2) 37... Re4 $19 {[%cal Re4h4]} 38. Rh5 {Prevents Rh4+.} R8e5 {Prevents Qf5+.} 39. Rh3 Qg5 40. Rff3 $2 (40. Kh2 $19) 40... Qc1+ 41. Kh2 {[#]} Re1 $1 42. Qd4 Rh1+ 43. Kg3 Rg5+ 44. Kh4 Qe1+ 45. Qf2 Rxg2 (45... Qe6 $142 46. Rf5 Rxf5 47. Qxf5+ Qxf5 48. Rxh1 g5+ 49. Kh5 Qg6+ 50. Kg4 Qe4+ 51. Kh5 Qe2+ 52. g4 Qe8#) 46. Qxe1 {Black is clearly winning.} Rxe1 47. Rhg3 Rxg3 48. Rxg3 Re2 {Weighted Error Value: White=0.61/Black=0.48} 0-1

[Event "Cracovia Chess Festival A 2021"]
[Site "Cracow"]
[Date "2022.01.02"]
[Round "6.22"]
[White "Redzisz, Michal"]
[Black "Raczynski, Krzysztof"]
[Result "1/2-1/2"]
[WhiteElo "2261"]
[BlackElo "2194"]
[Annotator "TA"]
[PlyCount "135"]
[EventDate "2021.12.27"]
[EventCountry "POL"]
[SourceTitle "playchess.com"]
[Source "ChessBase"]
[SourceQuality "1"]

{[%evp 10,135,25,20,27,38,31,43,39,47,68,54,81,39,62,44,70,74,74,69,83,75,171,159,163,147,158,153,266,278,261,93,251,68,116,118,116,109,220,202,228,217,208,160,151,143,194,194,239,160,263,267,260,26,26,27,278,278,256,201,212,215,200,193,239,233,265,265,323,306,302,273,260,266,207,245,434,386,392,389,616,389,614,587,593,587,410,370,649,505,29968,29969,12788,12787,5406,5141,5604,5545,4943,4458,2436,8,631,8,8,0,541,8,8,8,8,8,8,8,8,8,8,8,11,0,0,0,0,0,0,0,0,0]} 1. d4 f5 2. g3 Nf6 3. Bg2 g6 4. Nf3 Bg7 5. b3 O-O 6. Bb2 a5 {A81: Dutch Defence: 2 g3.} 7. O-O c6 8. c4 Na6 {White is slightly better.} 9. Nc3 Ne4 {[%cal Oa6c5]} 10. Rc1 d5 11. cxd5 ({Better is} 11. e3 $16) 11... cxd5 $14 12. Ne5 $36 {[%mdl 2048] [#] White is pushing.} Be6 $146 ({Predecessor:} 12... Bh6 13. e3 e6 14. Qe2 Rb8 15. Nb5 Re8 16. Ba3 Bf8 17. Bxf8 Rxf8 18. f3 Nf6 {½-½ (79) Hahn,M (2248)-Halt,D (2088) Playchess.com INT 2020}) 13. e3 Rc8 14. Qe2 Qd6 15. Na4 Qb4 (15... Nb4 $16) 16. f3 $18 Bxe5 17. fxe4 (17. dxe5 $6 Nec5 $14) 17... Bg7 18. e5 {aiming for Qd3.} Bf7 (18... Rxc1 $16 19. Rxc1 Bf7) 19. Bc3 Qa3 20. Qb5 $2 (20. Nb6 $18 {and White stays clearly on top.} Rcd8 21. Qd2) 20... Nb4 $2 (20... Bh6 $16 21. Kh1 Nb4) 21. Bxb4 $2 Qxb4 (21... Qxc1 $14 {deserves consideration.} 22. Rxc1 Rxc1+ 23. Bf1 axb4) 22. Qxb4 $16 axb4 23. Nb6 $1 {[%csl LRc8,LRd5]} Rcd8 (23... Rxc1 $16 24. Rxc1 e6) 24. Rc7 $18 {[%csl LRb7,LRe7]} e6 25. Rfc1 ({Weaker is} 25. Rxb7 Rb8 26. Rxb8 Rxb8 $11) 25... Be8 26. Rxb7 Rf7 27. Rxf7 {White is much more active.} Bxf7 (27... Kxf7 $16 {might work better.} 28. Rc7+ Kg8) 28. Bf1 g5 (28... Bh6 $142 29. Kf2 Be8) 29. Bb5 f4 (29... Rb8 $16) 30. exf4 gxf4 31. Rc8 $2 (31. gxf4 Bh6 $16) (31. g4 $1 $18) 31... Rxc8 $11 32. Nxc8 {[%mdl 4096] Endgame And now g4 would win. KBB-KBN} Kf8 $2 {[%mdl 8192]} (32... fxg3 $11 33. hxg3 Bh6) 33. g4 $18 (33. gxf4 Bh6 $16) 33... Bg6 34. Na7 Kf7 35. Nc6 Bf8 36. Kf2 Bb1 (36... Be4 $142 37. Nd8+ Ke7) 37. Kf3 Bxa2 38. Ba4 Bb1 39. Kxf4 Bc2 40. h4 {[%cal Bh2h4,Bh4g5,Bg5g6][%mdl 32]} h6 41. Nd8+ $1 Ke7 {[#]} 42. Nb7 Bd1 $2 (42... Kf7 {was necessary.} 43. Nc5 Be7) 43. Nd6 Kd8 44. g5 hxg5+ (44... Bh5 $142 45. Nb7+ Ke7) 45. hxg5 Bc2 (45... Ke7 $142 46. Nb7 Bh5) 46. Nb7+ Ke7 47. Nc5 Kf7 48. Bd7 Bxc5 $2 (48... Be7 49. Bxe6+ Kg6 50. Bxd5 Bxg5+ 51. Kf3 Bd1+ 52. Kf2 Kf5) 49. dxc5 Bxb3 {KB-KB} (49... Ke7 $18 50. c6 Bxb3) 50. g6+ Kg7 51. Bxe6 Ba4 52. Bxd5 {Intending c6 and mate.} b3 53. Kg5 b2 54. Be4 Bc6 55. Bb1 $2 ({White should try} 55. Bf5 $18 Be8 56. e6) 55... Bd7 $2 {[%mdl 8192] [#]} (55... Be8 $11 56. e6 Bc6) 56. Kh5 $2 (56. e6 $1 $18 {[%cal Re6d7]} Bxe6 57. c6) 56... Be8 57. Kg5 $2 {[%mdl 8192]} (57. e6 $11 Kf6 58. Kh6 Bxg6 59. Bxg6) 57... Bd7 58. Kh4 $2 (58. Bd3 $18 Be8 59. Bf5) 58... Be8 $11 {The position is equal.} 59. Kh5 {Kg5 is the strong threat.} Bc6 60. e6 {Strongly threatening Kg5.} Kf6 61. Kh6 {White threatens g7 and mate.} Bd5 (61... Kxe6 62. g7 Kd5 63. g8=Q+ Kd4 64. Qb3 Kxc5 65. Qe3+ Kc4 66. Qf4+ Kc5 67. Qe3+ Kc4 68. Qe6+ Kc5 69. Qe3+) 62. g7 Bxe6 63. c6 {Threatening mate with c7.} Ke7 64. Kg6 Bd5 65. Bf5 {White wants to mate with c7.} Kd6 66. Kh7 Kxc6 67. g8=B Bxg8+ 68. Kxg8 {Weighted Error Value: White=0.59/Black=0.78} 1/2-1/2

[Event "Cracovia Chess Festival A 2021"]
[Site "Cracow"]
[Date "2022.01.02"]
[Round "6.23"]
[White "Svendsen, Bertil"]
[Black "Luberanski, Jakub"]
[Result "0-1"]
[WhiteElo "2251"]
[BlackElo "2166"]
[Annotator "TA"]
[PlyCount "102"]
[EventDate "2021.12.27"]
[EventCountry "POL"]
[SourceTitle "playchess.com"]
[Source "ChessBase"]
[SourceQuality "1"]

{[%evp 19,102,0,0,0,4,0,13,0,0,4,4,9,4,4,4,6,14,0,17,7,9,4,12,6,8,6,10,6,49,49,49,49,49,49,49,41,39,33,50,34,41,41,41,41,42,35,76,76,69,0,0,0,0,0,0,0,64,0,0,0,0,0,0,0,0,0,0,0,0,0,0,0,0,0,0,-12839,-12839,-12841,-12842,-12846,-12846,-12847,-12847,-12847,-12848]} 1. d4 Nf6 2. Nf3 e6 3. g3 d5 4. c4 Be7 5. Bg2 O-O 6. O-O dxc4 7. Ne5 Nc6 8. Nxc6 bxc6 9. Na3 Bxa3 10. bxa3 {[%cal Bb2a3,Ba3a4][%mdl 32]} Ba6 11. Qd2 {E05: Open Catalan: 5 Nf3 Be7.} Rb8 {[%cal Oc4c3]} 12. Qa5 Rb6 (12... Qxd4 $2 13. Be3 Qd6 14. Qxa6 $18) 13. a4 $1 {To avoid Bb5. The position is equal.} Qd6 {Inhibits Ba3.} 14. e4 {Inhibits Nd5.} Qb4 15. Qxb4 Rxb4 16. Ba3 Rxa4 17. Bxf8 Kxf8 18. Rfc1 Bb5 19. Rc3 {[#]} Nd7 $146 ({Predecessor:} 19... Ke7 20. a3 Nd7 21. Bf3 c5 22. Bd1 Ra5 23. dxc5 Nxc5 24. f3 Nd3 25. Be2 Kd6 26. Bxd3 cxd3 {0-1 (42) Iliaguev,N (2289)-Caspi,I (2474) Israel 2020}) 20. Bf1 Ke7 21. a3 c5 22. dxc5 Nxc5 23. Bxc4 Nxe4 24. Bxb5 $14 Nxc3 25. Bxa4 Nxa4 $11 {[%mdl 4096] Endgame KR-KN} 26. Kf1 Nb6 27. Ke2 {[%mdl 1024] White has compensation.} Kd6 28. Kd3 c5 29. Kc3 Nd5+ 30. Kc4 Kc6 $1 31. Rb1 Nb6+ 32. Kd3 g5 (32... Nd7 $14) 33. h4 $16 g4 34. f3 (34. Re1 $14) 34... gxf3 $11 35. Rf1 Kd5 36. Rxf3 f5 37. Rf1 Nc4 (37... c4+ $11 38. Kc2 h5) 38. a4 (38. Rb1 $1 $14) 38... Nd6 $1 39. Rb1 c4+ 40. Kc2 e5 41. Rb8 f4 42. gxf4 exf4 {[#] Strongly threatening ...f3.} 43. Rf8 Ke4 {Hoping for ...f3.} 44. Rd8 $1 Nf7 (44... Ke5 $5 45. Rf8 Ke4 $11) 45. Rd7 Ne5 46. Rxa7 f3 {And now ...f2 would win.} 47. Kd1 $2 {[%mdl 8192] [#]} (47. Rb7 $11) 47... Kd3 $1 $19 {( -> ...f2). Black is clearly winning.} 48. Ke1 c3 {[%cal Bc4c3,Bc3c2][%mdl 32]} 49. Rxh7 c2 50. Rc7 Nc4 51. Rd7+ Kc3 {Weighted Error Value: White=0.17 (very precise) /Black=0.07 (flawless)} 0-1

[Event "Cracovia Chess Festival A 2021"]
[Site "Cracow"]
[Date "2022.01.02"]
[Round "6.24"]
[White "Lisowski, Krzysztof"]
[Black "Kyc, Jerzy"]
[Result "1/2-1/2"]
[WhiteElo "2142"]
[BlackElo "2250"]
[Annotator "TA"]
[PlyCount "119"]
[EventDate "2021.12.27"]
[EventCountry "POL"]
[SourceTitle "playchess.com"]
[Source "ChessBase"]
[SourceQuality "1"]

{[%evp 9,119,-14,-7,0,0,0,0,0,-9,-5,10,-4,30,8,31,31,34,22,29,0,75,22,58,0,0,0,0,0,0,-39,-35,-53,-56,-50,-4,-4,0,-6,-13,-14,-13,-38,-38,-39,-39,-44,-38,-120,-112,-249,-264,-265,-223,-243,-246,-389,-380,-395,-395,-388,-379,-370,-363,-362,-349,-543,-540,-511,-504,-656,-635,-712,-699,-852,-838,-1847,-1986,-4633,-3268,-2158,0,0,618,618,618,618,605,160,160,109,126,141,141,9,9,9,649,620,523,9,9,0,0,0,0,0,0,0,0,0,0,0]} 1. e4 c5 2. Be2 e6 3. d3 d5 4. f4 Nc6 5. Nf3 dxe4 6. dxe4 {B21: Sicilian: 2 f4 and Morra Gambit.} Qxd1+ 7. Bxd1 b6 $1 {[%mdl 4] is currently scoring better than 7...Nf6.} 8. c3 Bb7 9. Nbd2 Be7 {[#]} 10. Kf2 $146 ({Predecessor:} 10. O-O O-O-O 11. Be2 Nf6 12. Re1 a6 13. a3 Kc7 14. Bf1 Rd7 15. Nc4 Rhd8 16. f5 {1-0 (30) Narciso Dublan,M (2528)-Cereijo Suarez,A (1918) Carballo 2021}) 10... O-O-O 11. h3 h5 12. Nc4 h4 13. Bc2 Nf6 14. a4 Kc7 (14... Na5 $11 15. Nxa5 Bxe4) 15. Re1 (15. a5 $1 $16) 15... a6 16. a5 ({Better is} 16. Ng5 $14 Rhf8 17. f5) 16... b5 $11 17. Nce5 Nxe5 18. Nxe5 Rhf8 19. Kf3 Nd7 20. Nxd7 Rxd7 21. Kf2 g5 (21... g6 $15 {might be stronger.}) 22. fxg5 Rg8 23. Be3 c4 (23... Bxg5 24. Bxc5 f5 25. Re2 $14 (25. exf5 Bf4 $14) (25. Bb6+ Kb8 $14)) 24. Rad1 Bxg5 25. Bb6+ Kc8 $1 26. Rxd7 Kxd7 27. Rd1+ Kc8 28. Kf3 (28. Rf1 $15) 28... f5 $1 $17 29. Ke2 (29. Rg1 $17) 29... fxe4 $19 ({Stronger than} 29... Bxe4 30. Bxe4 fxe4 31. Kf1 $15) 30. Rf1 Bh6 31. Rf6 Bc1 {White must now prevent ...Bd5.} ({Don't go for} 31... Rxg2+ $2 32. Kf1 Rxc2 33. Rxh6) 32. b3 (32. Rxe6 $142 Bxb2 33. Kf1) 32... Rxg2+ 33. Kd1 Bg5 $1 34. Rf8+ Kd7 {Hoping for ...Rd2+.} 35. Rf7+ Ke8 ({Don't play} 35... Be7 36. Bc5 $18) 36. Rxb7 Rd2+ 37. Ke1 (37. Kc1 $142 Rd7+ 38. Kb2 Rxb7 39. Bxe4) 37... Rxc2 38. bxc4 bxc4 {[%mdl 4096] Endgame KRB-KRB} 39. Ra7 Rxc3 40. Rxa6 Rxh3 41. Ra8+ Kf7 42. a6 Ra3 {Threatens to win with ...Ra1+.} 43. a7 h3 {( -> ...Bh4+)} 44. Kf2 Bh4+ $2 (44... Ra2+ $19 45. Kg3 c3 46. Kxh3 c2) 45. Kg1 $11 {[%cal Oa8f8]} Bg3 $2 {[%mdl 8192] [#]} (45... Bg5 $11 46. Rc8 Bd2) 46. Rf8+ $1 $18 {[%mdl 512]} Kg6 (46... Kg7 47. a8=Q) 47. a8=Q Rxa8 48. Rxa8 {Strongly threatening Rg8+.} Kf5 49. Rc8 ({White should try} 49. Rh8) 49... Bf4 $16 50. Rxc4 e3 {[#]} 51. Ba5 (51. Rc8 $1 $16) 51... Bg3 $1 $11 52. Kf1 Bf2 $2 {[%mdl 8192]} (52... e2+ $11 53. Kxe2 h2) 53. Bc7 $18 e5 {[#] To avoid Rf4+} 54. Rc5 $2 (54. Bb6 $1 $18 Kg5 55. Rc8) 54... Bg3 $11 {The position is equal.} 55. Ke2 h2 56. Rc1 {And now Kf3 would win.} Bf4 57. Bb6 Kg4 58. Rh1 Kg3 59. Bxe3 Kg2 60. Bxf4 {Quite a comeback for White.  Weighted Error Value: White=0.57/Black=0.40} 1/2-1/2

[Event "Cracovia Chess Festival A 2021"]
[Site "Cracow"]
[Date "2022.01.02"]
[Round "6.25"]
[White "Salna, Aleksandras"]
[Black "Georgakopoulos, Nikolaos K."]
[Result "0-1"]
[WhiteElo "2227"]
[BlackElo "2159"]
[Annotator "TA"]
[PlyCount "70"]
[EventDate "2021.12.27"]
[EventCountry "POL"]
[SourceTitle "playchess.com"]
[Source "ChessBase"]
[SourceQuality "1"]

{[%evp 13,70,5,5,5,5,2,6,0,0,0,0,-25,-24,-26,-26,-29,-26,-80,-79,-70,-16,-14,-17,-26,7,7,51,0,0,0,0,0,0,0,0,0,-4,-18,-10,-58,-36,-100,-72,-408,-401,-552,-544,-1886,-448,-850,-814,-1566,-1387,-5612,-4710,-29995,-29996,-29997,-29998]} 1. d4 Nf6 2. c4 g6 3. Nc3 Bg7 4. e4 d6 5. h3 O-O 6. Be3 {[%cal Bc1e3,Be3d4,Bd4g7][%mdl 32]} Nc6 7. Nf3 e5 $1 8. d5 {E90: King's Indian: Classical: Early deviations and 6 h3.} Nd4 9. Nxd4 exd4 10. Bxd4 {The position is equal.} Nxe4 $1 11. Bxg7 Re8 {[#] Threatens to win with ...Nxc3+.} 12. Nxe4 $146 (12. Be2 $5 Kxg7 13. Qd4+ Qf6 14. Qxf6+ Kxf6 15. Nb5 $11) ({Predecessor:} 12. Be2 Kxg7 13. Qd4+ Qf6 14. Qxf6+ Kxf6 15. Nxe4+ Rxe4 16. Kd2 h5 17. Bd3 Re8 18. Rhe1 {0-1 (38) Mareco,S (2634)-Maze,S (2547) chess24.com INT 2019}) 12... Rxe4+ 13. Be2 $1 Kxg7 14. O-O Bf5 15. Bf3 (15. Qc2 $11) 15... Rxc4 $17 16. Qb3 Rf4 (16... Rc5 $15) 17. Qe3 g5 18. Rac1 Qf6 {[%cal Of5h3]} 19. Rxc7 Rh4 (19... b5 $11 {feels stronger.}) 20. Qc3 (20. Rxb7 $14 a5 21. Rc1) 20... Qxc3 $11 21. bxc3 Rc8 22. Rxb7 Rxc3 23. Rxa7 Bxh3 {[%cal Oc3f3] White should prevent ...Rxf3!} 24. Ra1 Bf5 25. Ra6 Rc2 26. Rc6 (26. Rxd6 $11 Rd4 27. Rc6) 26... Ra4 27. a3 (27. g3 $15) 27... Rd2 {aiming for ...Rf4. Black is more active.} 28. Rxd6 $2 {[%mdl 8192] Loses the game.} (28. g3 $17 {is tougher.}) 28... g4 $19 {[%cal Bg5g4,Bg4g3][%mdl 32]} 29. Bd1 Rf4 30. f3 Rfd4 (30... g3 $142 {( -> ...Rh4)} 31. Bb3 Rb2) 31. Bb3 (31. Kh2 $142) 31... g3 32. Rc6 Rb2 33. Bc4 Bb1 34. Bf1 {[#]} Rd1 $1 35. a4 Rf2 {Weighted Error Value: White=1.29/Black=0.32} 0-1